[Event "Winnipeg TNT January op"]
[Site "Winnipeg CAN"]
[Date "2007.01.23"]
[Round "3"]
[White "Pottinger, Carl"]
[Black "Wasserman, Leor"]
[Result "1-0"]
[WhiteElo "1809"]
[BlackElo "1537"]
[PlyCount "48"]
[GameId "2160767910739388"]
[EventDate "2007.01.09"]
[EventType "swiss"]
[EventRounds "4"]
[EventCountry "CAN"]
[SourceTitle "EXT 2008"]
[Source "ChessBase"]
[SourceDate "2007.11.25"]
[SourceVersion "1"]
[SourceVersionDate "2007.11.25"]
[SourceQuality "1"]

1. c4 e5 2. g3 Nf6 3. Bg2 d5 4. cxd5 Nxd5 5. d3 Nc6 6. Nf3 Be7 7. O-O O-O 8. Nc3 Be6 9. Bd2 Nxc3 10. Bxc3 Bf6 11. Qc2 Qd7 12. a3 Bh3 13. b4 a6 14. Rac1 Rac8 15. Bxh3 Qxh3 16. Qb2 Qe6 17. Nd2 Rfd8 18. Ne4 Nd4 19. Bxd4 Rxd4 20. Rc2 Be7 21. Rfc1 f5 22. Nc5 Qb6 23. Qb3+ Kh8 24. Qe6 Bxc5 1-0

[Event "Winnipeg TNT January op"]
[Site "Winnipeg CAN"]
[Date "2007.01.23"]
[Round "3"]
[White "Reimer, Bruce"]
[Black "Green, Jim"]
[Result "1-0"]
[WhiteElo "1593"]
[BlackElo "1769"]
[PlyCount "43"]
[GameId "2160767910739389"]
[EventDate "2007.01.09"]
[EventType "swiss"]
[EventRounds "4"]
[EventCountry "CAN"]
[SourceTitle "EXT 2008"]
[Source "ChessBase"]
[SourceDate "2007.11.25"]
[SourceVersion "1"]
[SourceVersionDate "2007.11.25"]
[SourceQuality "1"]

1. e4 c5 2. f4 Nc6 3. Nc3 e6 4. Nf3 d6 5. Bb5 a6 6. Bxc6+ bxc6 7. O-O Be7 8. d3 Qc7 9. e5 d5 10. Qe1 Nh6 11. h3 Bd7 12. b3 O-O-O 13. a4 d4 14. Ne4 f6 15. Bd2 Rdf8 16. Ba5 Qb8 17. Nfd2 f5 18. Nf2 Nf7 19. Nc4 h6 20. Nb6+ Kd8 21. Nd5+ Ke8 22. Nc7+ 1-0

[Event "Winnipeg TNT January op"]
[Site "Winnipeg CAN"]
[Date "2007.01.23"]
[Round "3"]
[White "Van Wyk, Joseph"]
[Black "Tang, Edward"]
[Result "1-0"]
[WhiteElo "1921"]
[BlackElo "2099"]
[PlyCount "73"]
[GameId "2160767910739390"]
[EventDate "2007.01.09"]
[EventType "swiss"]
[EventRounds "4"]
[EventCountry "CAN"]
[SourceTitle "EXT 2008"]
[Source "ChessBase"]
[SourceDate "2007.11.25"]
[SourceVersion "1"]
[SourceVersionDate "2007.11.25"]
[SourceQuality "1"]

1. e4 c5 2. c3 d5 3. exd5 Qxd5 4. d4 Nf6 5. Nf3 cxd4 6. cxd4 e6 7. Be2 Nc6 8. O-O Be7 9. Nc3 Qd8 10. a3 O-O 11. b4 b6 12. Bb2 Bb7 13. b5 Na5 14. Ne5 Ne4 15. Bf3 Nxc3 16. Bxc3 Bxf3 17. Qxf3 Bd6 18. Rfd1 f6 19. Ng4 Nc4 20. Qe2 Nxa3 21. Bb2 Qe7 22. Qd3 Rfd8 23. Bxa3 Bxa3 24. Qxa3 Qxa3 25. Rxa3 Rd6 26. Rb3 Rad8 27. Rb4 e5 28. Ne3 Rxd4 29. Rbxd4 exd4 30. Nf5 d3 31. Ne7+ Kf7 32. Nc6 Rd7 33. f3 Kf8 34. Kf2 Rc7 35. Rxd3 a6 36. Rd8+ Kf7 37. bxa6 1-0

[Event "Winnipeg TNT January op"]
[Site "Winnipeg CAN"]
[Date "2007.01.23"]
[Round "3"]
[White "Wasserman, Arie"]
[Black "Prince, Colin"]
[Result "0-1"]
[WhiteElo "1593"]
[BlackElo "1866"]
[PlyCount "26"]
[GameId "2160767910739391"]
[EventDate "2007.01.09"]
[EventType "swiss"]
[EventRounds "4"]
[EventCountry "CAN"]
[SourceTitle "EXT 2008"]
[Source "ChessBase"]
[SourceDate "2007.11.25"]
[SourceVersion "1"]
[SourceVersionDate "2007.11.25"]
[SourceQuality "1"]

1. e4 e5 2. Nf3 Nc6 3. Bc4 Nf6 4. Ng5 d5 5. exd5 Na5 6. Bb5+ c6 7. dxc6 bxc6 8. Ba4 h6 9. Nf3 e4 10. Nd4 Qxd4 11. Nc3 Bg4 12. f3 exf3 13. h3 fxg2 0-1

[Event "Winnipeg TNT January op"]
[Site "Winnipeg CAN"]
[Date "2007.01.30"]
[Round "4"]
[White "Adol, Deng"]
[Black "Babb, Jeff"]
[Result "1-0"]
[WhiteElo "1783"]
[BlackElo "2203"]
[PlyCount "143"]
[GameId "2160767910739393"]
[EventDate "2007.01.09"]
[EventType "swiss"]
[EventRounds "4"]
[EventCountry "CAN"]
[SourceTitle "EXT 2008"]
[Source "ChessBase"]
[SourceDate "2007.11.25"]
[SourceVersion "1"]
[SourceVersionDate "2007.11.25"]
[SourceQuality "1"]

1. Nc3 g6 2. e3 Bg7 3. Nf3 d5 4. d4 Nf6 5. Be2 O-O 6. h3 c5 7. dxc5 Qa5 8. O-O Qxc5 9. Qd4 Qxd4 10. exd4 Bf5 11. Ne1 Nc6 12. Be3 h5 13. a3 Rfd8 14. Rc1 Rac8 15. Na2 Ne4 16. c3 Na5 17. g4 hxg4 18. hxg4 Be6 19. Kg2 Nc4 20. Bxc4 dxc4 21. f3 Nf6 22. Kg3 Nd5 23. Bd2 a5 24. Ng2 b5 25. Ne3 Rc6 26. Rce1 Kf8 27. Nxd5 Bxd5 28. f4 Ke8 29. Rf2 Kd7 30. f5 Rg8 31. Rfe2 Bf6 32. Rf2 Rb6 33. Bc1 gxf5 34. Rxf5 Be6 35. Rxe6 fxe6 36. Rc5 Rb7 37. Bf4 Rh8 38. Nc1 Ke8 39. b3 b4 40. Rxc4 bxc3 41. Be5 Rh1 42. Bf4 e5 43. dxe5 Bxe5 44. Bxe5 Rxc1 45. b4 axb4 46. axb4 c2 47. Kf2 Rxb4 48. Rxb4 Rf1+ 49. Kxf1 c1=Q+ 50. Ke2 Qc2+ 51. Ke1 Qc5 52. Re4 Qg1+ 53. Ke2 Qg2+ 54. Ke3 Qg1+ 55. Kf3 Qf1+ 56. Ke3 Qe1+ 57. Kf3 Qd1+ 58. Ke3 Qb3+ 59. Kf4 Kf7 60. Kg5 Qd5 61. Rf4+ Ke8 62. Kf5 Kf7 63. Kg5+ Ke8 64. Kf5 Qd3+ 65. Re4 Kf7 66. g5 Qf3+ 67. Rf4 Qh3+ 68. Ke4+ Ke6 69. Rf3 Qg4+ 70. Bf4 Qg2 71. Be3 Qg4+ 72. Bf4 1-0

[Event "Winnipeg TNT January op"]
[Site "Winnipeg CAN"]
[Date "2007.01.30"]
[Round "4"]
[White "Clark, Jeff"]
[Black "Lauritson, Jim"]
[Result "0-1"]
[WhiteElo "1871"]
[BlackElo "1893"]
[PlyCount "100"]
[GameId "2160767910739394"]
[EventDate "2007.01.09"]
[EventType "swiss"]
[EventRounds "4"]
[EventCountry "CAN"]
[SourceTitle "EXT 2008"]
[Source "ChessBase"]
[SourceDate "2007.11.25"]
[SourceVersion "1"]
[SourceVersionDate "2007.11.25"]
[SourceQuality "1"]

1. Nf3 d5 2. d4 Nf6 3. c4 dxc4 4. Qa4+ c6 5. Qxc4 Bf5 6. Bf4 e6 7. Nbd2 Nbd7 8. e3 Nb6 9. Qb3 Be7 10. Be2 O-O 11. O-O Ne4 12. Nxe4 Bxe4 13. Rac1 Rc8 14. Rfd1 Qd5 15. Nd2 Qxb3 16. axb3 Bg6 17. Bf3 Nd5 18. Bg3 Rfd8 19. Ne4 b6 20. h4 h6 21. h5 Bh7 22. Rc4 c5 23. Rdc1 b5 24. Rxc5 Bxc5 25. dxc5 Bxe4 26. Bxe4 a5 27. Bd3 Nxe3 28. Bxb5 Nf5 29. Ba6 Nxg3 30. fxg3 Rc7 31. c6 Rd5 32. g4 Kf8 33. Bb7 Ke7 34. Kf1 Kf6 35. Ra1 Kg5 36. Ra4 Rb5 37. Ke2 Rbxb7 38. cxb7 Rxb7 39. Rxa5+ Kxg4 40. Ra4+ Kxh5 41. b4 f5 42. Kd3 e5 43. Kc4 Kg4 44. b5 e4 45. Kc5 Kg3 46. Kc6 Rb8 47. Rb4 e3 48. Rb3 f4 49. Kc7 Re8 50. b6 Kxg2 0-1

[Event "Winnipeg TNT January op"]
[Site "Winnipeg CAN"]
[Date "2007.01.30"]
[Round "4"]
[White "Essery, Richard"]
[Black "Kohalmi, Andy"]
[Result "0-1"]
[WhiteElo "1675"]
[BlackElo "1710"]
[PlyCount "86"]
[GameId "2160767910739395"]
[EventDate "2007.01.09"]
[EventType "swiss"]
[EventRounds "4"]
[EventCountry "CAN"]
[SourceTitle "EXT 2008"]
[Source "ChessBase"]
[SourceDate "2007.11.25"]
[SourceVersion "1"]
[SourceVersionDate "2007.11.25"]
[SourceQuality "1"]

1. d4 Nf6 2. Nf3 d5 3. Bf4 g6 4. e3 Bg7 5. Bd3 Nbd7 6. Nbd2 Nh5 7. Bg5 h6 8. Bh4 g5 9. Bg3 Nxg3 10. hxg3 e5 11. dxe5 Nxe5 12. Nxe5 Bxe5 13. c3 Qe7 14. Qe2 Bd7 15. O-O-O O-O-O 16. Rde1 f5 17. Nf3 Bg7 18. Qc2 Rhf8 19. Nd4 Qf6 20. a4 Kb8 21. Kb1 c5 22. Nf3 c4 23. Be2 Qa6 24. b3 Qa5 25. Nd4 Rc8 26. b4 Qxa4 27. Qxa4 Bxa4 28. Ne6 Bxc3 29. Nxf8 Bxe1 30. Rxe1 Rxf8 31. Rh1 Rf6 32. Kb2 Kc7 33. Ka3 Bb5 34. g4 fxg4 35. Bxg4 Rxf2 36. Rxh6 Rxg2 37. Rh7+ Kb6 38. Bf3 Rg3 39. Bxd5 Rxe3+ 40. Kb2 Rb3+ 41. Kc2 Rxb4 42. Rxb7+ Kc5 43. Be6 Ba4+ 0-1

[Event "Winnipeg TNT January op"]
[Site "Winnipeg CAN"]
[Date "2007.01.30"]
[Round "4"]
[White "Garrod, Chris"]
[Black "Letain, Cory"]
[Result "0-1"]
[WhiteElo "1252"]
[BlackElo "1397"]
[PlyCount "76"]
[GameId "2160767910739396"]
[EventDate "2007.01.09"]
[EventType "swiss"]
[EventRounds "4"]
[EventCountry "CAN"]
[SourceTitle "EXT 2008"]
[Source "ChessBase"]
[SourceDate "2007.11.25"]
[SourceVersion "1"]
[SourceVersionDate "2007.11.25"]
[SourceQuality "1"]

1. e4 c5 2. f4 e6 3. g3 d5 4. e5 Bd7 5. Nf3 Be7 6. c3 Nh6 7. d4 Bc6 8. Be3 Qb6 9. Qc2 Nf5 10. Bf2 Nd7 11. b3 Rc8 12. Nbd2 O-O 13. h4 cxd4 14. Nxd4 Nxd4 15. Bxd4 Bc5 16. Nf3 Bxd4 17. Nxd4 Nc5 18. a4 Ne4 19. Rh3 Rc7 20. g4 Rfc8 21. a5 Qc5 22. b4 Qe7 23. a6 b6 24. h5 Bd7 25. Ra3 f6 26. f5 fxe5 27. Nxe6 Bxe6 28. fxe6 Qxe6 29. Bg2 Rf8 30. c4 Nf2 31. Bf3 Ne4 32. Bxe4 dxe4 33. Qxe4 Rxc4 34. Qb7 Qxg4 35. Raf3 Qg1+ 36. Ke2 Qg2+ 37. Kd3 Qc2+ 38. Ke3 Rc3# 0-1

[Event "Winnipeg TNT January op"]
[Site "Winnipeg CAN"]
[Date "2007.01.30"]
[Round "4"]
[White "Goodman, Clifford"]
[Black "Green, Jim"]
[Result "1/2-1/2"]
[WhiteElo "1498"]
[BlackElo "1769"]
[PlyCount "54"]
[GameId "2160767910739397"]
[EventDate "2007.01.09"]
[EventType "swiss"]
[EventRounds "4"]
[EventCountry "CAN"]
[SourceTitle "EXT 2008"]
[Source "ChessBase"]
[SourceDate "2007.11.25"]
[SourceVersion "1"]
[SourceVersionDate "2007.11.25"]
[SourceQuality "1"]

1. e4 c5 2. Nf3 d6 3. d4 cxd4 4. Qxd4 Nc6 5. Bb5 Bd7 6. Bxc6 Bxc6 7. Nc3 e5 8. Qd3 Nf6 9. Bg5 Be7 10. Rd1 a6 11. Bxf6 gxf6 12. Nd5 Bxd5 13. Qxd5 Qc8 14. c4 Rg8 15. Nh4 Qc6 16. O-O Qxd5 17. Rxd5 Rg4 18. Nf5 Rxe4 19. Nxd6+ Bxd6 20. Rxd6 Rd8 21. Rxf6 Rxc4 22. Rb6 Rd7 23. Re1 Kf8 24. g3 Rc5 25. Re3 Kg7 26. Reb3 Rcc7 27. R3b4 f6 1/2-1/2

[Event "Winnipeg TNT January op"]
[Site "Winnipeg CAN"]
[Date "2007.01.30"]
[Round "4"]
[White "Khedkar, Jay S"]
[Black "Van Wyk, Joseph"]
[Result "1-0"]
[WhiteElo "1963"]
[BlackElo "1921"]
[PlyCount "43"]
[GameId "2160767910739398"]
[EventDate "2007.01.09"]
[EventType "swiss"]
[EventRounds "4"]
[EventCountry "CAN"]
[SourceTitle "EXT 2008"]
[Source "ChessBase"]
[SourceDate "2007.11.25"]
[SourceVersion "1"]
[SourceVersionDate "2007.11.25"]
[SourceQuality "1"]

1. d4 d5 2. c4 e6 3. cxd5 exd5 4. Nc3 Nf6 5. Bg5 Be7 6. e3 O-O 7. Bd3 Bg4 8. f3 Be6 9. Nge2 Nbd7 10. O-O Re8 11. Nf4 c5 12. Re1 h6 13. Bh4 cxd4 14. Nxe6 fxe6 15. exd4 Qb6 16. Bb5 a6 17. Bxd7 Nxd7 18. Bxe7 Rxe7 19. Nxd5 exd5 20. Rxe7 Nf6 21. Qd2 Rc8 22. b3 1-0

[Event "Winnipeg TNT January op"]
[Site "Winnipeg CAN"]
[Date "2007.01.30"]
[Round "4"]
[White "Lipnowski, Samuel"]
[Black "Rutter, Blair"]
[Result "1-0"]
[WhiteElo "2268"]
[BlackElo "1958"]
[PlyCount "71"]
[GameId "2160767910739400"]
[EventDate "2007.01.09"]
[EventType "swiss"]
[EventRounds "4"]
[EventCountry "CAN"]
[SourceTitle "EXT 2008"]
[Source "ChessBase"]
[SourceDate "2007.11.25"]
[SourceVersion "1"]
[SourceVersionDate "2007.11.25"]
[SourceQuality "1"]

1. e4 e6 2. d4 d5 3. Nd2 Nf6 4. e5 Nfd7 5. f4 c5 6. c3 Nc6 7. Ndf3 Be7 8. Bd3 cxd4 9. cxd4 f5 10. Ne2 Nf8 11. O-O Bd7 12. Nc3 a6 13. Be3 b5 14. Rc1 Bb4 15. Qe2 Ke7 16. Kh1 Be8 17. Bf2 Kd7 18. Bh4 Qb6 19. Bf2 Bh5 20. Qe3 Be7 21. Bg1 h6 22. a3 g5 23. fxg5 Bxf3 24. Qxf3 hxg5 25. Nxd5 exd5 26. Qxd5+ Kc7 27. Bxf5 Rd8 28. Qf7 Kb8 29. d5 Nd4 30. Qxe7 Nxf5 31. Bxb6 Nxe7 32. Bxd8 Nxd5 33. Bxg5 Ne6 34. Bf6 Rg8 35. Rc6 Nef4 36. g3 1-0

[Event "Winnipeg TNT January op"]
[Site "Winnipeg CAN"]
[Date "2007.01.30"]
[Round "4"]
[White "Nguyen, Huy"]
[Black "Wasserman, Leor"]
[Result "1-0"]
[WhiteElo "1721"]
[BlackElo "1537"]
[PlyCount "59"]
[GameId "2160767910739401"]
[EventDate "2007.01.09"]
[EventType "swiss"]
[EventRounds "4"]
[EventCountry "CAN"]
[SourceTitle "EXT 2008"]
[Source "ChessBase"]
[SourceDate "2007.11.25"]
[SourceVersion "1"]
[SourceVersionDate "2007.11.25"]
[SourceQuality "1"]

1. d4 d5 2. Nf3 Nf6 3. b4 e6 4. c3 Be7 5. h3 a6 6. Bf4 Nc6 7. Nbd2 h6 8. e3 Bd7 9. Bd3 Bd6 10. O-O O-O 11. a4 Na7 12. Bxd6 cxd6 13. c4 dxc4 14. Nxc4 d5 15. Nce5 Qb6 16. Qb1 Nc6 17. b5 axb5 18. Bxb5 Nxe5 19. Nxe5 Bxb5 20. Qxb5 Qxb5 21. axb5 Ne4 22. f3 Nc3 23. b6 Ra6 24. Rxa6 bxa6 25. Ra1 Rb8 26. Rxa6 Nb5 27. Nd7 Rb7 28. Nc5 Rb8 29. b7 Nc7 30. Rc6 1-0

[Event "Winnipeg TNT January op"]
[Site "Winnipeg CAN"]
[Date "2007.01.30"]
[Round "4"]
[White "Prince, Colin"]
[Black "Mundwiler, Les"]
[Result "1-0"]
[WhiteElo "1866"]
[BlackElo "1938"]
[PlyCount "43"]
[GameId "2160767910739402"]
[EventDate "2007.01.09"]
[EventType "swiss"]
[EventRounds "4"]
[EventCountry "CAN"]
[SourceTitle "EXT 2008"]
[Source "ChessBase"]
[SourceDate "2007.11.25"]
[SourceVersion "1"]
[SourceVersionDate "2007.11.25"]
[SourceQuality "1"]

1. e4 e5 2. Nf3 Nc6 3. Bb5 Nd4 4. Bc4 c6 5. O-O d5 6. exd5 cxd5 7. Be2 Nxf3+ 8. Bxf3 Nf6 9. d3 h6 10. Re1 Bd6 11. Bf4 Be6 12. Bxe5 Bxe5 13. Rxe5 Qc7 14. Qe2 Rc8 15. Nc3 O-O 16. d4 Qb6 17. Re3 Qxd4 18. Rd1 Qb4 19. a3 Qxb2 20. Rb1 Qxa3 21. Nxd5 Bxd5 22. Rxa3 1-0

[Event "Winnipeg TNT January op"]
[Site "Winnipeg CAN"]
[Date "2007.01.30"]
[Round "4"]
[White "Silva, T Romero"]
[Black "Reimer, Bruce"]
[Result "1-0"]
[WhiteElo "1903"]
[BlackElo "1593"]
[PlyCount "48"]
[GameId "2160767910739403"]
[EventDate "2007.01.09"]
[EventType "swiss"]
[EventRounds "4"]
[EventCountry "CAN"]
[SourceTitle "EXT 2008"]
[Source "ChessBase"]
[SourceDate "2007.11.25"]
[SourceVersion "1"]
[SourceVersionDate "2007.11.25"]
[SourceQuality "1"]

1. e4 Nf6 2. Nc3 d5 3. exd5 Nxd5 4. Ne4 Bf5 5. Ng3 Qd7 6. a3 Bg6 7. Be2 Nf4 8. Kf1 Qc6 9. Bf3 Qa6+ 10. d3 Nxd3 11. cxd3 Bxd3+ 12. N3e2 Nd7 13. Qb3 Nc5 14. Qc3 Ne6 15. Be3 O-O-O 16. Rc1 f6 17. Bg4 Qd6 18. Bxe6+ Kb8 19. Bg4 e5 20. f3 g6 21. Bc5 Qxc5 22. Qxc5 Bxc5 23. Rxc5 Bf5 24. Bxf5 gxf5 1-0

[Event "Winnipeg TNT January op"]
[Site "Winnipeg CAN"]
[Date "2007.01.30"]
[Round "4"]
[White "Tang, Edward"]
[Black "Pottinger, Carl"]
[Result "1-0"]
[WhiteElo "2099"]
[BlackElo "1809"]
[PlyCount "57"]
[GameId "2160767910739404"]
[EventDate "2007.01.09"]
[EventType "swiss"]
[EventRounds "4"]
[EventCountry "CAN"]
[SourceTitle "EXT 2008"]
[Source "ChessBase"]
[SourceDate "2007.11.25"]
[SourceVersion "1"]
[SourceVersionDate "2007.11.25"]
[SourceQuality "1"]

1. e4 c5 2. Nf3 d6 3. d4 cxd4 4. Nxd4 Nf6 5. Nc3 g6 6. Be2 Bg7 7. O-O O-O 8. Bg5 Nc6 9. Nb3 Be6 10. Kh1 Rc8 11. f4 Qd7 12. Bf3 a6 13. Nd5 Bxd5 14. exd5 Nd8 15. Re1 e6 16. c3 Re8 17. dxe6 fxe6 18. Qd2 b5 19. Re2 Kf7 20. Rae1 h6 21. Bh4 Ng8 22. Bg4 h5 23. Bh3 Nh6 24. Bxd8 Rcxd8 25. Bxe6+ Rxe6 26. Rxe6 Qxe6 27. Rxe6 Kxe6 28. Qe3+ Kf5 29. Qe7 1-0

[Event "Winnipeg TNT January op"]
[Site "Winnipeg CAN"]
[Date "2007.01.30"]
[Round "4"]
[White "Trueman, Francis"]
[Black "Crawford, Gary"]
[Result "0-1"]
[WhiteElo "1509"]
[BlackElo "1323"]
[PlyCount "79"]
[GameId "2160767910739405"]
[EventDate "2007.01.09"]
[EventType "swiss"]
[EventRounds "4"]
[EventCountry "CAN"]
[SourceTitle "EXT 2008"]
[Source "ChessBase"]
[SourceDate "2007.11.25"]
[SourceVersion "1"]
[SourceVersionDate "2007.11.25"]
[SourceQuality "1"]

1. Nf3 Nf6 2. d3 d5 3. Nbd2 Bg4 4. g3 Nc6 5. c3 e5 6. e4 dxe4 7. dxe4 Nxe4 8. Bg2 Nxf2 9. Kxf2 Bc5+ 10. Ke2 e4 11. Nxe4 Qe7 12. Qd5 f5 13. Qxc5 fxe4 14. Qxe7+ Nxe7 15. Kf2 exf3 16. Bxf3 O-O 17. Bf4 h5 18. Bxg4 hxg4 19. Kg2 Nd5 20. Rhf1 Nxf4+ 21. Rxf4 Rxf4 22. gxf4 Rd8 23. Kg3 Rd2 24. Rb1 Kf7 25. Kxg4 Rxh2 26. Kg5 Rg2+ 27. Kf5 g6+ 28. Ke5 Re2+ 29. Kd5 Kf6 30. b4 Kf5 31. Rg1 Rxa2 32. Rg5+ Kf6 33. Re5 Rd2+ 34. Kc4 Rf2 35. Kd5 Rxf4 36. Re8 Rf5+ 37. Kd4 Kg7 38. Re7+ Rf7 39. Re5 Kh6 40. Re2 0-1

[Event "Winnipeg TNT January op"]
[Site "Winnipeg CAN"]
[Date "2007.01.30"]
[Round "4"]
[White "Wasserman, Arie"]
[Black "Wiebe, Daniel"]
[Result "0-1"]
[WhiteElo "1593"]
[BlackElo "1581"]
[PlyCount "105"]
[GameId "2160767910739406"]
[EventDate "2007.01.09"]
[EventType "swiss"]
[EventRounds "4"]
[EventCountry "CAN"]
[SourceTitle "EXT 2008"]
[Source "ChessBase"]
[SourceDate "2007.11.25"]
[SourceVersion "1"]
[SourceVersionDate "2007.11.25"]
[SourceQuality "1"]

1. e4 e5 2. Nf3 Nc6 3. Bc4 Nd4 4. d3 Qf6 5. Nxd4 exd4 6. O-O d6 7. f4 Be7 8. e5 Qg6 9. Qf3 Nh6 10. exd6 Bxd6 11. Re1+ Be7 12. b3 Nf5 13. Ba3 c6 14. Qe4 Qf6 15. Nd2 Ne3 16. Bxe7 Qxe7 17. Qxd4 O-O 18. Qxe3 Qf6 19. Ne4 Qg6 20. Qg3 Qh6 21. Qg5 b5 22. Qxh6 gxh6 23. Nf6+ Kg7 24. Ne8+ Kg6 25. Bxf7+ Rxf7 26. Nd6 Rxf4 27. Nxc8 Rxc8 28. Re6+ Rf6 29. Rae1 Rc7 30. Re7 Rxe7 31. Rxe7 Rf7 32. Rxf7 Kxf7 33. Kf2 Ke6 34. Ke3 Ke5 35. g4 b4 36. h4 c5 37. Kf3 Kd4 38. g5 Kc3 39. gxh6 Kxc2 40. Kf4 Kb2 41. Kf5 Kxa2 42. Kf6 Kxb3 43. Kg7 Kc2 44. Kxh7 b3 45. Kg8 b2 46. h7 b1=Q 47. h8=Q Qb8+ 48. Kg7 Qxh8+ 49. Kxh8 a5 50. h5 a4 51. h6 a3 52. h7 a2 53. Kg8 0-1

[Event "Winnipeg TNT July op"]
[Site "Winnipeg CAN"]
[Date "2007.07.03"]
[Round "1"]
[White "Boron, Anthony"]
[Black "Trueman, Francis"]
[Result "1/2-1/2"]
[WhiteElo "1962"]
[BlackElo "1515"]
[PlyCount "60"]
[GameId "2160767910667585"]
[EventDate "2007.07.03"]
[EventType "swiss"]
[EventRounds "5"]
[EventCountry "CAN"]
[SourceTitle "EXT 2019"]
[Source "ChessBase"]
[SourceDate "2018.10.10"]
[SourceVersion "1"]
[SourceVersionDate "2018.10.10"]
[SourceQuality "1"]

1. d4 Nf6 2. c4 g6 3. Nc3 Bg7 4. e4 d6 5. Nf3 O-O 6. Be2 e5 7. dxe5 dxe5 8. Qxd8 Rxd8 9. Bg5 c6 10. O-O Nbd7 11. Rad1 Re8 12. Rd6 h6 13. Bc1 Nc5 14. Nd2 Ne6 15. Nb3 a5 16. a4 Bf8 17. Rdd1 g5 18. Be3 Nf4 19. Bxf4 gxf4 20. f3 Be7 21. Rd2 Be6 22. g3 Kh8 23. Kf2 Bb4 24. Rc2 Be7 25. Rd1 Rg8 26. gxf4 exf4 27. Rg1 Nh5 28. Rxg8+ Rxg8 29. Ke1 Rg1+ 30. Kf2 Rg8 1/2-1/2

[Event "Winnipeg TNT July op"]
[Site "Winnipeg CAN"]
[Date "2007.07.03"]
[Round "1"]
[White "Campbell, Gary"]
[Black "Kaptsan, Aron"]
[Result "0-1"]
[WhiteElo "1710"]
[BlackElo "2058"]
[PlyCount "68"]
[GameId "2160767910667586"]
[EventDate "2007.07.03"]
[EventType "swiss"]
[EventRounds "5"]
[EventCountry "CAN"]
[SourceTitle "EXT 2019"]
[Source "ChessBase"]
[SourceDate "2018.10.10"]
[SourceVersion "1"]
[SourceVersionDate "2018.10.10"]
[SourceQuality "1"]

1. d4 Nf6 2. c4 e6 3. Nc3 Bb4 4. Qc2 O-O 5. a3 Bxc3+ 6. Qxc3 Ne4 7. Qc2 f5 8. e3 d5 9. Nf3 c6 10. Bd3 Nd7 11. O-O Qe8 12. b4 Qh5 13. Be2 Qh6 14. Ne1 Qg6 15. Nd3 Qf6 16. cxd5 exd5 17. Bb2 Nb6 18. Ne5 Be6 19. f3 Nd6 20. e4 dxe4 21. fxe4 Nxe4 22. d5 Bxd5 23. Nd7 Qe7 24. Nxf8 Rxf8 25. Rae1 Qg5 26. Bc1 Qg6 27. Bf3 Nd7 28. Bf4 Ndf6 29. Be5 h6 30. Bxf6 Rxf6 31. Re2 Qf7 32. Bxe4 Bxe4 33. Rxe4 fxe4 34. Rxf6 Qxf6 0-1

[Event "Winnipeg TNT July op"]
[Site "Winnipeg CAN"]
[Date "2007.07.03"]
[Round "1"]
[White "Gibson, Fred"]
[Black "Rutter, Blair"]
[Result "0-1"]
[WhiteElo "1334"]
[BlackElo "1889"]
[PlyCount "84"]
[GameId "2160767910667587"]
[EventDate "2007.07.03"]
[EventType "swiss"]
[EventRounds "5"]
[EventCountry "CAN"]
[SourceTitle "EXT 2019"]
[Source "ChessBase"]
[SourceDate "2018.10.10"]
[SourceVersion "1"]
[SourceVersionDate "2018.10.10"]
[SourceQuality "1"]

1. f4 d5 2. Nf3 Nf6 3. e3 c5 4. b3 Nc6 5. Bb2 e6 6. Be2 Be7 7. O-O Bd7 8. Ne5 Qc7 9. Na3 a6 10. Bh5 g6 11. Bf3 Rd8 12. c4 d4 13. Nc2 Bc8 14. Qe2 O-O 15. g4 Nxe5 16. fxe5 d3 17. Qg2 Nd7 18. Ne1 Nxe5 19. Qh3 f6 20. Be4 f5 21. Bg2 Nxg4 22. Nf3 e5 23. Qg3 Bd6 24. Qh4 Be7 25. Qg3 Bf6 26. h3 f4 27. Qe1 e4 28. Bxf6 Nxf6 29. Nh2 f3 30. Nxf3 exf3 31. Rxf3 Nh5 32. Qh4 Rxf3 33. Bxf3 Qg3+ 34. Qxg3 Nxg3 35. Bg2 Rf8 36. Kh2 Nf5 37. Re1 b6 38. Rf1 Kg7 39. Bd5 h5 40. Rg1 Nh4 41. Rg3 Rf2+ 42. Kg1 Rxd2 0-1

[Event "Winnipeg TNT July op"]
[Site "Winnipeg CAN"]
[Date "2007.07.03"]
[Round "1"]
[White "Goodman, Clifford"]
[Black "Raihman, Igal"]
[Result "1/2-1/2"]
[WhiteElo "1564"]
[BlackElo "1978"]
[PlyCount "45"]
[GameId "2160767910667588"]
[EventDate "2007.07.03"]
[EventType "swiss"]
[EventRounds "5"]
[EventCountry "CAN"]
[SourceTitle "EXT 2019"]
[Source "ChessBase"]
[SourceDate "2018.10.10"]
[SourceVersion "1"]
[SourceVersionDate "2018.10.10"]
[SourceQuality "1"]

1. Nf3 c5 2. e4 d6 3. d4 cxd4 4. Qxd4 a6 5. Bg5 Nc6 6. Qc3 h6 7. Be3 e5 8. Bc4 Nf6 9. Nbd2 Be7 10. h3 O-O 11. g4 Nxe4 12. Nxe4 d5 13. O-O-O Bb4 14. Qd3 dxc4 15. Qxc4 Qe7 16. c3 Be6 17. Qe2 Rfc8 18. Kb1 Ba5 19. Bc5 Qc7 20. Bd6 Qb6 21. Bc5 Qc7 22. Bd6 Qb6 23. Bc5 1/2-1/2

[Event "Winnipeg TNT July op"]
[Site "Winnipeg CAN"]
[Date "2007.07.03"]
[Round "1"]
[White "Khedkar, Jay S"]
[Black "Liu, Weixi"]
[Result "1-0"]
[WhiteElo "2005"]
[BlackElo "1807"]
[PlyCount "47"]
[GameId "2160767910667590"]
[EventDate "2007.07.03"]
[EventType "swiss"]
[EventRounds "5"]
[EventCountry "CAN"]
[SourceTitle "EXT 2019"]
[Source "ChessBase"]
[SourceDate "2018.10.10"]
[SourceVersion "1"]
[SourceVersionDate "2018.10.10"]
[SourceQuality "1"]

1. e4 e6 2. d4 d5 3. Nd2 Nf6 4. e5 Nfd7 5. Bd3 c5 6. c3 b6 7. Ne2 Ba6 8. Nf3 Bxd3 9. Qxd3 Be7 10. h4 Nc6 11. g4 f6 12. Nf4 Nf8 13. exf6 gxf6 14. Bd2 Qd7 15. O-O-O O-O-O 16. Rhe1 Bd6 17. g5 e5 18. Nxd5 fxg5 19. Bxg5 Be7 20. dxc5 Bxg5+ 21. Nxg5 bxc5 22. Qa6+ Kb8 23. Qb5+ Ka8 24. Nb6+ 1-0